ՀՀ Գիտությունների ազգային ակադեմիայի հիմնարար գիտական գրադարան  =   Fundamental Scientific Library of NAS RA

Հայկական ՍՍՌ-ում շրջանացված ցորենի սորտերի ագրոբիոլոգիական բնութագիրը և նրանց միկրոշրջանացումը / (Record no. 10080)

MARC details
000 -LEADER
fixed length control field 00926nam a2200241 a 4500
001 - CONTROL NUMBER
control field 000024838
003 - CONTROL NUMBER IDENTIFIER
control field AM-YEHGA
005 - DATE AND TIME OF LATEST TRANSACTION
control field 20250618070852.0
008 - FIXED-LENGTH DATA ELEMENTS--GENERAL INFORMATION
fixed length control field 001001s1959 ai |||||||||||||||||arm d
020 ## - INTERNATIONAL STANDARD BOOK NUMBER
Terms of availability 07.35
040 ## - CATALOGING SOURCE
Original cataloging agency AM-YeHGA
041 0# - LANGUAGE CODE
Language code of text/sound track or separate title arm
090 ## - LOCALLY ASSIGNED LC-TYPE CALL NUMBER (OCLC); LOCAL CALL NUMBER (RLIN)
-- 10153
100 1# - MAIN ENTRY--PERSONAL NAME
Personal name Մելքումյան, Գ.Հ
245 10 - TITLE STATEMENT
Title Հայկական ՍՍՌ-ում շրջանացված ցորենի սորտերի ագրոբիոլոգիական բնութագիրը և նրանց միկրոշրջանացումը /
Statement of responsibility, etc. Գ.Հ. Մելքումյան, Գ.Ա. Ավագյան, Ա.Գ. Մարգարյան.
260 0# - PUBLICATION, DISTRIBUTION, ETC.
Place of publication, distribution, etc. Եր. :
Name of publisher, distributor, etc. Ա.հ․,
Date of publication, distribution, etc. 1959.
300 ## - PHYSICAL DESCRIPTION
Extent 205 էջ
650 #4 - SUBJECT ADDED ENTRY--TOPICAL TERM
Topical term or geographic name entry element Գյուղատնտեսություն
9 (RLIN) 4945
700 1# - ADDED ENTRY--PERSONAL NAME
Personal name Ավագյան, Գ.Ա.
700 1# - ADDED ENTRY--PERSONAL NAME
Personal name Մարգարյան, Ա.Գ.
710 2# - ADDED ENTRY--CORPORATE NAME
Corporate name or jurisdiction name as entry element Հայկական ՍՍՌ գյուղատնտեսության մինիստրություն
942 ## - ADDED ENTRY ELEMENTS (KOHA)
Source of classification or shelving scheme Universal Decimal Classification
Koha item type Գրքեր / Books
Holdings
Withdrawn status Lost status Damaged status Not for loan Collection Home library Current library Date acquired Total checkouts Full call number Barcode Date last seen Cost, replacement price Price effective from Koha item type Public note
        General Fundamental Scientific Library Fundamental Scientific Library 21/12/2016   AII/2084 FL0028448 21/12/2016 7.00 21/12/2016 Գրքեր / Books 30 Days Loan
        General Fundamental Scientific Library Fundamental Scientific Library 21/12/2016   AII/2085 FL0028449 21/12/2016 7.00 21/12/2016 Գրքեր / Books 30 Days Loan
        General Fundamental Scientific Library Fundamental Scientific Library 21/12/2016   AII/2086 FL0028450 21/12/2016 7.00 21/12/2016 Գրքեր / Books 30 Days Loan
        General Fundamental Scientific Library Fundamental Scientific Library 21/12/2016   AII/8566 FL0018175 21/12/2016 7.00 21/12/2016 Գրքեր / Books 30 Days Loan


ՀՀ ԳԱԱ հիմնարար գիտական գրադարան
ՀՀ,Երևան 0019
Մարշալ Բաղրամյան 24/6
հեռախոս:(374-10) 52-47-50
Հետադարձ կապ

All site content, except where otherwise noted, is licensed under a
Creative Commons License